Исторические Непризнанные Страны - Statistics

General Stats
  • This quiz has been taken 160 times
  • The average score is 7 of 19
Answer Stats
Годы Ныне часть Причина Страна % Correct
2014-2022 Украина/Россия Вхождение в состав России Донецкая Народная Республика
94%
2014-2022 Украина/Россия Вхождение в состав России Луганская Народная Республика
93%
2014 Россия Вхождение в состав России Крым
90%
2017 Испания Роспуск правительства и аннулирование декларации независимости Каталония
81%
1991-2000 Россия Уничтожение в ходе военной операции Чеченская Республика Ичкерия
69%
1991-2023 Азербайджан Вхождение в состав Азербайджана Нагорный Карабах
50%
1990-1994 Молдова Вхождение в состав Молдовы на правах автономии Гагаузия
39%
1945 КНДР/Республика Корея Разделена на советскую и американскую зону оккупации Корейская Народная Республика
39%
1991-1995 Босния и Герцеговина Вхождение в состав Боснии и Герцеговины по итогам Дейтонских соглашений Республика Сербская
33%
1922-1944 Россия Добровольно вошла в состав СССР Тува
30%
1965-1979 Зимбабве Приход к власти националистических группировок чёрного населения Родезия
20%
2020-2022 Эфиопия Поражение от эфиопских войск Тыграй
9%
2012-2013 Мали Отказ от независимости Азавад
7%
1942-1943 Россия Освобождена советскими войсками от фашисткой оккупации Локотская республика
7%
1967-1970 Нигерия Капитуляция перед войсками Нигерии Биафра
5%
1991-1996 Босния и Герцеговина Объединение с боснийскими мусульманами в федерацию Хорватская Республика Герцег-Босна
5%
2007-2008 Коморы Уничтожение в ходе военной операции Анжуан
3%
1944-1949 Китай Добровольное вхождение в состав Китая Восточно-Туркестанская Республика
2%
1981-1994 ЮАР Уничтожение системы бантустанов и отставка военного диктатора Сискей
1%
No matching quizzes found
Score Distribution
Percent of People with Each Score
Percentile by Number Answered
Your Score History
You have not taken this quiz